De Madrid a Nápoles (Record no. 20934)

MARC details
000 -LEADER
campo de control de longitud fija 01030nam a2200241 i 4500
001 - NÚMERO DE CONTROL
campo de control 20934
003 - IDENTIFICADOR DE NÚMERO DE CONTROL
campo de control ES-MaACL
005 - FECHA Y HORA DE LA ÚLTIMA TRANSACCIÓN
campo de control 20240418063057.0
007 - CAMPO FIJO DE DESCRIPCIÓN FÍSICA--INFORMACIÓN GENERAL
campo de control de longitud fija t|
008 - DATOS DE LONGITUD FIJA--INFORMACIÓN GENERAL
campo de control de longitud fija 021119s1861 sp a |||| | spa d
080 ## - NÚMERO DE LA CLASIFICACIÓN DECIMAL UNIVERSAL
Número de la Clasificación Decimal Universal 913(44)
080 ## - NÚMERO DE LA CLASIFICACIÓN DECIMAL UNIVERSAL
Número de la Clasificación Decimal Universal 913(450)
100 1# - ENTRADA PRINCIPAL--NOMBRE DE PERSONA
Nombre de persona Alarcón, Pedro Antonio de,
Fechas asociadas al nombre 1833-1891
9 (RLIN) 19134
245 10 - MENCIÓN DEL TÍTULO
Título De Madrid a Nápoles
Resto del título : pasando por París, Ginebra, el Mont-Blanc, el Simplon, el Lago Mayor, Turín, Pavía, Milán... : viaje de recreo, realizado durante la guerra de 1860 y sitio de Gaeta en 1861 : ilustrado con grabados... /
Mención de responsabilidad, etc. por Pedro Antonio de Alarcón.
260 ## - PUBLICACIÓN, DISTRIBUCIÓN, ETC.
Lugar de publicación, distribución, etc. Madrid :
Nombre del editor, distribuidor, etc. [s.n.],
Fecha de publicación, distribución, etc. 1861 (
Fabricante Imp. y librería de Gaspar y Roig)
300 ## - DESCRIPCIÓN FÍSICA
Extensión X, 12, 655 p. :
Otras características físicas il. ;
Dimensiones 27 cm.
530 ## - NOTA DISPONIBLE DE FORMULARIO FÍSICO ADICIONAL
Nota de formato físico adicional disponible Disponible en formato digital.
651 #4 - PUNTO DE ACCESO ADICIONAL DE MATERIA--NOMBRE GEOGRÁFICO
Nombre geográfico Francia-
Subdivisión general Descripción.
9 (RLIN) 8676
651 ## - PUNTO DE ACCESO ADICIONAL DE MATERIA--NOMBRE GEOGRÁFICO
Nombre geográfico Italia-
Subdivisión general Descripción.
9 (RLIN) 8861
852 ## - LOCALIZACIÓN
Ubicación ES-MaACL
Número de control de estantería B-4739
856 ## - LOCALIZACIÓN Y ACCESO ELECTRÓNICOS
Identificador Uniforme de Recursos <a href="http://bdh-rd.bne.es/viewer.vm?id=0000085050&page=1 ">http://bdh-rd.bne.es/viewer.vm?id=0000085050&page=1 </a>
Nota pública Biblioteca Digital Hispánica
Holdings
Estatus retirado Estado de pérdida Estado de daño No para préstamo Colección Biblioteca de origen Biblioteca actual Ubicación en estantería Fecha de adquisición Fuente de adquisición Total de préstamos Signatura topográfica completa Código de barras Visto por última vez Precio de reemplazo Tipo de ítem Koha
        Colección digital Biblioteca del Ateneo de Madrid Biblioteca del Ateneo de Madrid Sala Pardo Bazán 17/01/2008     B-4739 1021498 23/02/2023 23/02/2023 Libro impreso antiguo